Total Quality Management (Record no. 6333)
[ view plain ]
| 000 -LEADER | |
|---|---|
| fixed length control field | 00277nam a2200109Ia 4500 |
| 100 ## - MAIN ENTRY--AUTHOR NAME | |
| Personal name | Besterfield, Urdhwareshe |
| 245 #0 - TITLE STATEMENT | |
| Title | Total Quality Management |
| 260 ## - PUBLICATION, DISTRIBUTION, ETC. (IMPRINT) | |
| Place of publication | India |
| Name of publisher | Dorling Kindersley |
| Year of publication | 2003 |
| 300 ## - PHYSICAL DESCRIPTION | |
| Number of Pages | 558 |
| 942 ## - ADDED ENTRY ELEMENTS (KOHA) | |
| Koha item type | Books |
| Withdrawn status | Lost status | Collection code | Permanent Location | Current Location | Shelving location | Date acquired | Full call number | Accession Number | Koha item type |
|---|---|---|---|---|---|---|---|---|---|
| | | Management | MAJU | MAJU | | 2019-09-07 | 658.4012 | 6025 | Management |